<?xml version="1.0" encoding="UTF-8"?>
<record
    xmlns:xsi="http://www.w3.org/2001/XMLSchema-instance"
    xsi:schemaLocation="http://www.loc.gov/MARC21/slim http://www.loc.gov/standards/marcxml/schema/MARC21slim.xsd"
    xmlns="http://www.loc.gov/MARC21/slim">

  <leader>04584nam a2200277 a 4500</leader>
  <controlfield tag="003">OSt</controlfield>
  <controlfield tag="005">20251121131357.0</controlfield>
  <controlfield tag="008">251118s2016    njua||||r|||| 00| 0 eng d</controlfield>
  <datafield tag="020" ind1=" " ind2=" ">
    <subfield code="a">978-1-77188-270-5</subfield>
  </datafield>
  <datafield tag="040" ind1=" " ind2=" ">
    <subfield code="a">CHAP</subfield>
    <subfield code="c">PA</subfield>
    <subfield code="e">rda</subfield>
  </datafield>
  <datafield tag="082" ind1=" " ind2=" ">
    <subfield code="a">PA 632.3</subfield>
    <subfield code="b">.C43 2016</subfield>
  </datafield>
  <datafield tag="245" ind1=" " ind2=" ">
    <subfield code="a">Crop Diseases and Their Management /</subfield>
    <subfield code="b">Integrated Approaches</subfield>
    <subfield code="c">editado por Gireesh Chand, Santosh Kumar</subfield>
  </datafield>
  <datafield tag="264" ind1=" " ind2=" ">
    <subfield code="a">Oakville, Ontario :  </subfield>
    <subfield code="b">Apple Academic Press, </subfield>
    <subfield code="c">2016</subfield>
  </datafield>
  <datafield tag="300" ind1=" " ind2=" ">
    <subfield code="a">xvi,416 p.</subfield>
    <subfield code="b">ilustraciones,</subfield>
  </datafield>
  <datafield tag="336" ind1=" " ind2=" ">
    <subfield code="2">rdacontent</subfield>
    <subfield code="a">texto</subfield>
    <subfield code="b">txt</subfield>
  </datafield>
  <datafield tag="337" ind1=" " ind2=" ">
    <subfield code="2">rdamedia</subfield>
    <subfield code="a">sin medio</subfield>
    <subfield code="b">n</subfield>
  </datafield>
  <datafield tag="338" ind1=" " ind2=" ">
    <subfield code="2">rdacarrier</subfield>
    <subfield code="a">volumen</subfield>
    <subfield code="b">nc</subfield>
  </datafield>
  <datafield tag="505" ind1=" " ind2=" ">
    <subfield code="a">Lista of Contributors.-- List Of Abbreviations.-- Preface.-- About the Editors.-- PART 1CEREAL AND PULSE CROPS.--1. Diseases and Management of Maize R. P. Singh, Mamta Singh, and Dinesh Singh.-- 2. Diseases of Pigeon Pea (Cajanus cajan L. Millsp.) and Their Management Ajay Kumar, Mahesh Singh, and Gireesh Chand.-- 3. Diseases of chickpea crop and Their Management Anil Kumar, Santosh Kumar, Sanjay Kumar, and Birendra Kumar.-- 4. Diseases of Urd/Mung Bean Crops and Their Management Sangita Sahni, Bishun D. Prasad, and Sunita Kumari.-- PART2- OIL SEED CROPS.-- 5. Groundnut Diseases and Their Management Santosh Kumar, Manoj Kumar, Amarendra Kumar, and Gireesh Chand.-- 6.Diseases of Soybean and Their Management Sunil Kumar.-- 7. Diseases of Linseed and Their Management Sunil Kumar.-- PART 3. HORTICULTURAL CROPS.-- 8.Nutritional Disorders of Citrus and Their Management J. N. Srivastava, P. K. Sharma, Upma Dutta, and Rakesh Kumar.-- 9. Fungal Diseases of Okra (Abelmoschus esculentus L.) and Their Integrated Disease Management (IDM) C. P. Khare, Sushma Nema, J. N. Srivastava, V. K. Yadav, and N. D. Sharma.-- 10.Recent Advances in the Diagnosis and Management of Major Diseases of Onion and Garlic in India R. K. Mishra, M. D. Ojha, V. S. Pandey, and R. B. Verma.-- 11. Damping-Off Disease of Seedling in Solanaceous Vegetable: Current Status and Management Strategies Kanika Pagoch, J. N. Srivastava, and Ashok Kumar Singh.-- 12.Downy Mildew of Cucurbits and Their Management C. P. Khare, J. N. Srivastava, P. K. Tiwari, A. Kotesthane, and V. S. Thrimurthi.-- 13.Diseases of Colocasia Crop and Their Management R. C. Shakywar, M. Pathak, and K. M. Singh.-- 14. Diseases of Rose Crop and Their Management R. C. Shakywar, K. S. Tomar, and R. K. Patidar.-- 15. Use of Stevia Rebaudiana and Its Diseases With Management K. K. Chandra.-- 16. Major Diseases of Betelvine and Their Management Prabhat Kumar, Shivnath Das, Ajit Kumar Pandey, and Santosh Kumar.-- PART 4. GENERAL ISSUES.-- 17. Diseases of Makhana and Their Management Sangita Sahni, Bishun D. Prasad, and Sunita Kumari.-- 18. Diseases of Jute and Sunhemp Crops and Thier Management Santosh Kumar, V. K. Singh, A. N. Tripathi, and Prabhat Kumar.-- 19. Mesta Pathosystems: An Overview A. N. Tripathi, R. K. De, P. N. Meena, V. Ramesh Babu, Y. R. Meena, S. Kumar, and V. K. Singh.-- 20.Characterization of Species and Parasitism in the Genus Alternaria Udit Narain, Sandhya Kant, and Gire.-- Index</subfield>
  </datafield>
  <datafield tag="520" ind1=" " ind2=" ">
    <subfield code="a">Este importante y completo libro est&#xE1; dise&#xF1;ado para brindar informaci&#xF3;n sobre las enfermedades de los cultivos y c&#xF3;mo manejarlas. Abarca una multitud de cultivos y enfermedades, y presenta enfoques integrados para el manejo de enfermedades que afectan a cultivos como:
Cereales y hortalizas, como ma&#xED;z, guandul, garbanzos y frijoles mungo/urd.
Oleaginosas, como cacahuete, soja y lino.
Cultivos hort&#xED;colas, como c&#xED;tricos, cebollas, ajo, cucurbit&#xE1;ceas, colocasia, rosas, stevia rebaudiana, betel, yute y crotalaria.
El libro cubre exhaustivamente los s&#xED;ntomas, las causas, los ciclos de las enfermedades y los enfoques de manejo para muchas enfermedades que afectan a cultivos agr&#xED;colas &#xFA;tiles.
Editado por dos profesores e investigadores con a&#xF1;os de experiencia en la ense&#xF1;anza sobre enfermedades de los cultivos, este libro es adecuado para estudiantes de ciencias agr&#xED;colas y contribuye a cubrir los planes de estudio recientemente modificados en la India, que ampl&#xED;an la cobertura de las enfermedades de los cultivos. Enfermedades de los cultivos y su manejo es tambi&#xE9;n una referencia &#xFA;til para expertos en protecci&#xF3;n vegetal, especialistas en hortalizas, t&#xE9;cnicos hort&#xED;colas y extensionistas.</subfield>
  </datafield>
  <datafield tag="534" ind1=" " ind2=" ">
    <subfield code="p">T&#xED;tulo original:</subfield>
  </datafield>
  <datafield tag="650" ind1=" " ind2="0">
    <subfield code="a">Patolog&#xED;a vegetal</subfield>
    <subfield code="9">144627</subfield>
  </datafield>
  <datafield tag="650" ind1=" " ind2="0">
    <subfield code="a">Microorganismos fitopat&#xF3;genos - Control</subfield>
    <subfield code="9">185032</subfield>
  </datafield>
  <datafield tag="700" ind1=" " ind2=" ">
    <subfield code="a">Chand, Gireesh,</subfield>
    <subfield code="e">editor</subfield>
    <subfield code="9">191480</subfield>
  </datafield>
  <datafield tag="700" ind1=" " ind2=" ">
    <subfield code="a">Kumar, Santosh,</subfield>
    <subfield code="e">editor</subfield>
    <subfield code="9">191490</subfield>
  </datafield>
  <datafield tag="942" ind1=" " ind2=" ">
    <subfield code="2">ddc</subfield>
    <subfield code="c">LIBRO</subfield>
  </datafield>
  <datafield tag="999" ind1=" " ind2=" ">
    <subfield code="c">233116</subfield>
    <subfield code="d">233116</subfield>
  </datafield>
  <datafield tag="952" ind1=" " ind2=" ">
    <subfield code="0">0</subfield>
    <subfield code="1">0</subfield>
    <subfield code="2">ddc</subfield>
    <subfield code="4">0</subfield>
    <subfield code="5">1</subfield>
    <subfield code="7">0</subfield>
    <subfield code="8">GRAL</subfield>
    <subfield code="a">PA</subfield>
    <subfield code="b">PA</subfield>
    <subfield code="d">2025-11-18</subfield>
    <subfield code="e">Compra</subfield>
    <subfield code="i">c/e 197</subfield>
    <subfield code="l">0</subfield>
    <subfield code="o">PA 632.3 .C43 2016</subfield>
    <subfield code="p">4102004174</subfield>
    <subfield code="r">2025-11-18 14:53:56</subfield>
    <subfield code="t">Ej.1</subfield>
    <subfield code="w">2025-11-18</subfield>
    <subfield code="y">LIBRO</subfield>
  </datafield>
  <datafield tag="952" ind1=" " ind2=" ">
    <subfield code="0">0</subfield>
    <subfield code="1">0</subfield>
    <subfield code="2">ddc</subfield>
    <subfield code="4">0</subfield>
    <subfield code="5">3</subfield>
    <subfield code="7">0</subfield>
    <subfield code="8">GRAL</subfield>
    <subfield code="a">PA</subfield>
    <subfield code="b">PA</subfield>
    <subfield code="d">2025-11-21</subfield>
    <subfield code="e">Compra</subfield>
    <subfield code="i">c/e 198</subfield>
    <subfield code="l">0</subfield>
    <subfield code="o">PA 632.3 .C43 2016</subfield>
    <subfield code="p">4102004175</subfield>
    <subfield code="r">2025-11-21 13:15:37</subfield>
    <subfield code="t">Ej.2</subfield>
    <subfield code="w">2025-11-21</subfield>
    <subfield code="y">LIBRO</subfield>
  </datafield>
</record>
